000 00993na a2200325 4500
001 15774
003 MIRAKIL
005 20181213155211.0
008 161001b tu 000 0
020 _a9755660011
035 _a15774
040 _aMilas
_btur
_cTR-AnCHP
041 _atur
082 _a322.4209159
_bE67ü 1993
090 _a322.42 E67ü 1993
100 _aErsever, Ahmet Cem
_d1950 -
245 _aÜçgendeki tezgah
_cAhmet Cem Ersever
250 _aGnşlm. 5. bs.
260 _aAnkara
_bKiyap yayın dağıtım
_c1993
300 _a232 s.
_bfotg.
_c21 sm.
600 _aÖcalan, Abdullah (APO)
_xSiyasal ve sosyal görüşler
610 _aKürdistan İşçi Partisi (PKK)
_xTarih
650 _aTerör örgütleri
_xKürdistan İşçi Partisi (PKK)
_ySiyasal etkinlik
_zTürkiye
650 _aKürtler
_xSiyaset ve yönetim
_zTürkiye
650 _aKürt sorunu
650 _aKürt ayaklanması
657 _aKürt sorunu
657 _aPKK
942 _2ddc
_cBKS
999 _c8407
_d8407